| 000 | 00400nam a22001217a 4500 | ||
|---|---|---|---|
| 082 | _a220 PRO | ||
| 100 |
_aGC MUHAMMAD SAAD BILAL GC UMAR ZIA GC UZAIR KHAN _971109 |
||
| 245 | _aPR-SOF-1718-ANALYSIS OF MORTAR SHELL AND REDUCTION IN ITS DRAG | ||
| 260 |
_aISLAMABAD _bNUST COLLEGE OF EME _c2018 |
||
| 650 | _aDE-MECH-36 DECLASS | ||
| 700 |
_a PROJECT SUPERVISOR DR ZAFAR BANGASH _971110 |
||
| 942 | _cCR | ||
| 999 |
_c577813 _d577813 |
||